| 000 | 00530nam a2200133Ia 4500 | ||
|---|---|---|---|
| 001 | 2679 | ||
| 008 | 241024s9999 xx 000 0 und d | ||
| 082 | _aRD/373.7293/R426e/1999 | ||
| 100 | _aRepública Dominicana. Secretaría de Estado de Educacion y Cultura. Proyecto de Apoyo y ampliación de la educación media | ||
| 245 | 0 | _aExperiencias innovadoras en Participación Comunitaria y Gerencia de Centros Educativos de la República Dominicana | |
| 260 |
_bSanto Domingo _c1999 |
||
| 901 | _a5/12/2012 3:43:27 p.m. | ||
| 999 |
_c8549 _d8549 |
||